Oops... I Did It Again - Britney Spears (All Lyrics) - Statistics

General Stats
  • This quiz has been taken 4,629 times
  • The average score is 199 of 247
Answer Stats
Answer % Correct
a
99%
I
99%
Oh
99%
oh.
99%
oh
99%
again.
98%
again
98%
did
98%
it
98%
It
98%
you
97%
You
97%
Oops!
96%
baby.
93%
baby,
93%
Baby,
93%
heart,
93%
heart.
93%
in
93%
your
92%
the
90%
I'm
89%
with
89%
love.
88%
played
88%
that
88%
That
88%
think
88%
lost
85%
game.
84%
game,
84%
not
84%
got
82%
Got
82%
innocent.
79%
me.
73%
my
72%
from
70%
just
69%
above.
68%
to
66%
made
65%
so
65%
believe
64%
we're
64%
But
63%
is
63%
more
62%
see
62%
sent
62%
than
62%
friends.
61%
like
58%
all
57%
this.
54%
this
54%
seem
52%
serious.
52%
doesn't
50%
lose
50%
mean
49%
might
48%
typically
48%
senses.
46%
crush.
44%
problem
44%
many
36%
ways.
36%
fool
33%
watching
33%
away.
32%
cry,
31%
dreaming
31%
'Cause
30%
Can't
26%
truly
26%
Wishing
26%
days.
25%
exist.
25%
they
24%
heroes,
20%
No matching quizzes found
Score Distribution
Percent of People with Each Score
Percentile by Number Answered
Your Score History
You have not taken this quiz